Религиоведение: энциклопедический словарь

Bibliografiske detaljer
Hovedforfatter: Бачинин В. А. Владислав Аркадьевич
Summary:Энциклопедический словарь «Религиоведение» включает наиболее важные понятия, раскрывающие содержание религиозной жизни общества и человека. Значительное место занимают категории и проблемы, слабо освещенные в современных учебниках по религиоведению и касающиеся истории русского христианства, религиозного правоведения, религиозной политологии и др. Словарь представляет собой учебное пособие, предназначенное для тех, кто изучает религиоведение в школах и высших учебных заведениях.
Sprog:russisk
Udgivet: Москва, Изд-во Михайлова В. А., 2005
Fag:
Format: Bog
KOHA link:https://koha.lib.tpu.ru/cgi-bin/koha/opac-detail.pl?biblionumber=118828

MARC

LEADER 00000nam0a2200000 4500
001 118828
005 20231031124328.0
010 |a 5801602704 
035 |a (RuTPU)RU\TPU\book\128576 
090 |a 118828 
100 |a 20070619d2005 km y0rusy50 ca 
101 0 |a rus 
102 |a RU 
105 |a y ef 000zy 
200 1 |a Религиоведение  |e энциклопедический словарь  |f В. А. Бачинин 
210 |a Москва  |c Изд-во Михайлова В. А.  |d 2005 
215 |a 288 с. 
330 |a Энциклопедический словарь «Религиоведение» включает наиболее важные понятия, раскрывающие содержание религиозной жизни общества и человека. Значительное место занимают категории и проблемы, слабо освещенные в современных учебниках по религиоведению и касающиеся истории русского христианства, религиозного правоведения, религиозной политологии и др. Словарь представляет собой учебное пособие, предназначенное для тех, кто изучает религиоведение в школах и высших учебных заведениях. 
610 1 |a религия 
610 1 |a теория 
610 1 |a религиоведение 
610 1 |a термины 
610 1 |a словари 
610 1 |a энциклопедические словари 
686 |a Э210я2  |v LBC/SL-A  |2 rubbk 
700 1 |a Бачинин  |b В. А.  |g Владислав Аркадьевич 
801 1 |a RU  |b 63413507  |c 20070619  |g PSBO 
801 2 |a RU  |b 63413507  |c 20120420  |g PSBO 
942 |c BK